00357nam a2200145Ia 4500008004100000041000800041082001500049100001300064245001600077260005700093300000900150500001700159650002200176700001300198220803s9999 xx 000 0 und d aeng a720.92 HCP aHCP Pub. aCanna Patel aAhmedabadbHCP Interior Architecture Pvt. Ltd.c2010 a164p aArchitecture aMaster Architects aHCP Pub.